[Event "PMPJ 2022 - D13"]
[Site "Jastrzebia Gora"]
[Date "2022.11.09"]
[Round "5.4"]
[White "Kaminska, Zuzanna"]
[Black "Walerjan, Ada"]
[Result "0-1"]
[BlackElo "1209"]
[WhiteElo "1066"]
[LiveChessVersion "1.4.8"]

1. e4 {[%clk 1:30:59]} e5 {[%clk 1:30:57]} 2. Nf3 {[%clk 1:31:18]} Nc6
{[%clk 1:31:20]} 3. d4 {[%clk 1:31:40]} exd4 {[%clk 1:31:43]} 4. Bc4
{[%clk 1:31:57]} Nf6 {[%clk 1:31:51]} 5. O-O {[%clk 1:32:16]} Nxe4
{[%clk 1:29:51]} 6. Re1 {[%clk 1:32:33]} d5 {[%clk 1:29:40]} 7. Bxd5
{[%clk 1:32:51]} Qxd5 {[%clk 1:29:55]} 8. Nc3 {[%clk 1:33:15]} Qh5
{[%clk 1:27:45]} 9. Nxe4 {[%clk 1:33:12]} Be7 {[%clk 1:26:09]} 10. Bg5
{[%clk 1:31:40]} Be6 {[%clk 1:23:53]} 11. Bxe7 {[%clk 1:30:34]} Nxe7
{[%clk 1:22:37]} 12. Qxd4 {[%clk 1:30:47]} Qh6 {[%clk 1:01:07]} 13. Neg5
{[%clk 1:27:26]} Nc6 {[%clk 0:48:59]} 14. Qe4 {[%clk 1:22:01]} O-O
{[%clk 0:37:35]} 15. Nxe6 {[%clk 1:14:40]} Rfe8 {[%clk 0:36:16]} 16. Nfg5
{[%clk 1:14:39]} fxe6 {[%clk 0:34:01]} 17. Nxe6 {[%clk 1:14:45]} Nd8
{[%clk 0:34:08]} 18. Re3 {[%clk 1:07:04]} Qxe6 {[%clk 0:32:16]} 19. Qa4
{[%clk 1:04:06]} Qxe3 {[%clk 0:24:18]} 20. fxe3 {[%clk 1:04:11]} Rxe3
{[%clk 0:24:15]} 21. Qc4+ {[%clk 1:03:48]} Ne6 {[%clk 0:24:21]} 22. Kf2
{[%clk 1:03:32]} Re5 {[%clk 0:24:40]} 23. Re1 {[%clk 1:03:28]} Rf8+
{[%clk 0:24:45]} 24. Kg3 {[%clk 1:02:53]} Rxe1 {[%clk 0:24:20]} 25. h4
{[%clk 1:00:34]} Re3+ {[%clk 0:16:22]} 26. Kh2 {[%clk 0:59:52]} Kh8
{[%clk 0:16:35]} 27. Qd5 {[%clk 0:58:16]} b6 {[%clk 0:15:47]} 28. b4
{[%clk 0:57:26]} Nf4 {[%clk 0:14:01]} 29. Qb7 {[%clk 0:56:17]} Re2
{[%clk 0:14:07]} 30. Qxc7 {[%clk 0:55:02]} Rxg2+ {[%clk 0:14:24]} 31. Kh1
{[%clk 0:55:23]} Re2 {[%clk 0:12:22]} 32. Qc4 {[%clk 0:53:16]} Nd3
{[%clk 0:11:35]} 33. Qg4 {[%clk 0:52:28]} Rf1+ {[%clk 0:11:53]} 34. Qg1
{[%clk 0:52:40]} Rxg1+ {[%clk 0:12:08]} 35. Kxg1 {[%clk 0:53:04]} Rxc2
{[%clk 0:12:29]} 0-1

[Event "PMPJ 2022 - D13"]
[Site "Jastrzebia Gora"]
[Date "2022.11.09"]
[Round "5.6"]
[White "Gancarz, Julia"]
[Black "Kucia, Kinga"]
[Result "0-1"]
[BlackElo "1162"]
[WhiteElo "1044"]
[LiveChessVersion "1.4.8"]

1. e4 {[%clk 1:30:58]} c5 {[%clk 1:29:49]} 2. Nf3 {[%clk 1:30:52]} d6
{[%clk 1:30:09]} 3. c3 {[%clk 1:30:17]} Nf6 {[%clk 1:29:41]} 4. Be2
{[%clk 1:29:38]} Nc6 {[%clk 1:29:42]} 5. d4 {[%clk 1:29:02]} cxd4
{[%clk 1:23:12]} 6. cxd4 {[%clk 1:28:15]} g6 {[%clk 1:19:57]} 7. Nc3
{[%clk 1:24:24]} Bg7 {[%clk 1:18:13]} 8. O-O {[%clk 1:21:38]} O-O
{[%clk 1:17:19]} 9. Bf4 {[%clk 1:17:31]} Bg4 {[%clk 1:12:21]} 10. d5
{[%clk 1:15:33]} Nb8 {[%clk 1:04:19]} 11. Qd3 {[%clk 1:10:49]} Nbd7
{[%clk 1:01:50]} 12. b4 {[%clk 0:47:03]} Nh5 {[%clk 0:50:25]} 13. Be3
{[%clk 0:41:11]} Bxf3 {[%clk 0:47:32]} 14. Bxf3 {[%clk 0:41:10]} Ne5
{[%clk 0:46:40]} 15. Qd2 {[%clk 0:39:56]} Nxf3+ {[%clk 0:42:05]} 16. gxf3
{[%clk 0:40:14]} Qc8 {[%clk 0:38:54]} 17. Rac1 {[%clk 0:40:19]} Qh3
{[%clk 0:37:36]} 18. Qe2 {[%clk 0:38:56]} Be5 {[%clk 0:36:15]} 19. f4
{[%clk 0:36:58]} Nxf4 {[%clk 0:30:44]} 20. Bxf4 {[%clk 0:36:56]} Bxf4
{[%clk 0:31:06]} 21. f3 {[%clk 0:37:06]} Bxc1 {[%clk 0:30:33]} 22. Rxc1
{[%clk 0:37:20]} Rac8 {[%clk 0:29:43]} 23. Qb2 {[%clk 0:35:39]} Qxf3
{[%clk 0:29:10]} 24. a3 {[%clk 0:34:18]} Qe3+ {[%clk 0:28:28]} 25. Kf1
{[%clk 0:34:07]} Rc7 {[%clk 0:27:39]} 0-1

[Event "PMPJ 2022 - D13"]
[Site "Jastrzebia Gora"]
[Date "2022.11.09"]
[Round "5.7"]
[White "Kretowicz, Daria"]
[Black "Wrona, Faustyna"]
[Result "1-0"]
[BlackElo "1094"]
[WhiteElo "1115"]
[LiveChessVersion "1.4.8"]

1. e4 {[%clk 1:30:56]} e5 {[%clk 1:30:56]} 2. Nf3 {[%clk 1:30:48]} Nc6
{[%clk 1:31:15]} 3. Bb5 Nge7 {[%clk 1:31:34]} 4. O-O {[%clk 1:26:50]} g6
{[%clk 1:31:58]} 5. c3 {[%clk 1:19:28]} Bg7 {[%clk 1:32:18]} 6. d4
{[%clk 1:19:07]} exd4 {[%clk 1:32:15]} 7. cxd4 {[%clk 1:18:49]} a6
{[%clk 1:32:34]} 8. Ba4 b5 {[%clk 1:32:46]} 9. Bb3 {[%clk 1:14:14]} O-O
{[%clk 1:32:23]} 10. a3 {[%clk 1:09:19]} d6 {[%clk 1:31:38]} 11. h3
{[%clk 1:07:57]} Bb7 {[%clk 1:31:21]} 12. Nc3 {[%clk 1:05:24]} Re8
{[%clk 1:30:06]} 13. Qd3 {[%clk 1:00:05]} Qd7 {[%clk 1:25:03]} 14. Bf4
{[%clk 0:54:16]} Nd8 {[%clk 1:21:05]} 15. Qe3 {[%clk 0:49:17]} Nf5
{[%clk 1:16:46]} 16. Qd3 {[%clk 0:47:58]} Ne7 {[%clk 1:15:41]} 17. Rfe1
{[%clk 0:44:31]} Nc8 {[%clk 1:13:11]} 18. Rad1 {[%clk 0:41:44]} Nb6
{[%clk 1:12:26]} 19. e5 {[%clk 0:30:09]} dxe5 {[%clk 1:07:41]} 20. dxe5
{[%clk 0:29:13]} Qxd3 {[%clk 1:07:23]} 21. Rxd3 {[%clk 0:29:23]} Ne6
{[%clk 1:06:44]} 22. Bxe6 {[%clk 0:28:23]} Bxf3 {[%clk 1:06:17]} 23. Bxf7+
{[%clk 0:22:43]} Kxf7 {[%clk 1:06:13]} 24. Rxf3 {[%clk 0:22:43]} Kg8
{[%clk 1:04:27]} 25. e6 {[%clk 0:20:37]} Rac8 {[%clk 1:03:15]} 26. Bg3
{[%clk 0:19:10]} c5 {[%clk 1:01:11]} 27. Re2 {[%clk 0:17:06]} Rc6
{[%clk 0:59:50]} 28. e7 {[%clk 0:15:53]} Bxc3 {[%clk 0:57:50]} 29. bxc3
{[%clk 0:14:16]} Nd5 {[%clk 0:58:01]} 30. Bh4 {[%clk 0:12:47]} Rc7
{[%clk 0:57:17]} 31. Bg3 {[%clk 0:10:32]} Rcxe7 {[%clk 0:57:22]} 32. Rxe7
{[%clk 0:10:37]} Rxe7 {[%clk 0:57:46]} 33. Bd6 {[%clk 0:10:43]} Re1+
{[%clk 0:57:22]} 34. Kh2 {[%clk 0:11:00]} c4 {[%clk 0:57:38]} 35. Bf8
{[%clk 0:09:07]} Nxc3 {[%clk 0:56:14]} 36. Bb4 {[%clk 0:08:31]} Rb1
{[%clk 0:55:25]} 37. Rxc3 {[%clk 0:08:40]} Rb3 {[%clk 0:55:51]} 38. Rf3
{[%clk 0:06:31]} Rxf3 {[%clk 0:55:45]} 39. gxf3 {[%clk 0:06:53]} Kf7
{[%clk 0:56:09]} 40. Kg3 {[%clk 0:06:48]} Ke6 {[%clk 0:56:12]} 41. Kf4
{[%clk 0:06:58]} Kd5 {[%clk 0:56:27]} 42. Ke3 {[%clk 0:07:13]} g5
{[%clk 0:56:01]} 43. Ba5 {[%clk 0:07:04]} h6 {[%clk 0:56:11]} 44. Bb4
{[%clk 0:07:09]} h5 {[%clk 0:55:38]} 45. Ba5 {[%clk 0:07:27]} Ke5
{[%clk 0:55:10]} 46. Bb4 {[%clk 0:07:19]} Kd5 {[%clk 0:55:22]} 47. Bc3
{[%clk 0:07:38]} h4 {[%clk 0:54:57]} 48. Bf6 {[%clk 0:06:37]} a5 {[%clk 0:55:11]}
49. Bc3 {[%clk 0:06:44]} b4 {[%clk 0:54:01]} 50. axb4 {[%clk 0:06:50]} axb4
{[%clk 0:54:22]} 51. Bxb4 {[%clk 0:07:15]} Ke5 {[%clk 0:54:49]} 52. Bc3+
{[%clk 0:07:23]} Kf5 {[%clk 0:54:02]} 53. Bd4 {[%clk 0:07:31]} Ke6
{[%clk 0:52:13]} 54. Ke4 {[%clk 0:07:55]} g4 {[%clk 0:50:55]} 55. fxg4
{[%clk 0:08:15]} Kf7 {[%clk 0:51:17]} 56. f4 {[%clk 0:08:28]} c3 {[%clk 0:51:29]}
57. Bxc3 {[%clk 0:08:29]} Kg8 {[%clk 0:51:24]} 58. g5 {[%clk 0:08:26]} Kh7
{[%clk 0:51:34]} 59. f5 {[%clk 0:08:45]} Kg8 {[%clk 0:51:13]} 60. g6
{[%clk 0:08:26]} Kf8 {[%clk 0:51:09]} 61. g7+ {[%clk 0:08:34]} Kf7
{[%clk 0:51:08]} 62. f6 {[%clk 0:08:52]} Kg8 {[%clk 0:51:15]} 63. Kf5
{[%clk 0:08:33]} Kf7 {[%clk 0:50:38]} 64. Kg5 {[%clk 0:08:40]} Kg8
{[%clk 0:50:12]} 65. Kh6 {[%clk 0:08:58]} 1-0

[Event "PMPJ 2022 - D13"]
[Site "Jastrzebia Gora"]
[Date "2022.11.09"]
[Round "5.8"]
[White "Cichon, Julia"]
[Black "Pajer, Irena"]
[Result "0-1"]
[BlackElo "1112"]
[WhiteElo "1032"]
[LiveChessVersion "1.4.8"]

1. e4 {[%clk 1:30:56]} c5 {[%clk 1:30:39]} 2. Nc3 {[%clk 1:30:52]} Nc6
{[%clk 1:30:03]} 3. g3 {[%clk 1:30:09]} g6 {[%clk 1:29:32]} 4. Bg2
{[%clk 1:29:12]} Bg7 {[%clk 1:28:28]} 5. Nge2 {[%clk 1:27:31]} e6
{[%clk 1:27:44]} 6. d3 {[%clk 1:25:56]} Nge7 {[%clk 1:27:12]} 7. O-O
{[%clk 1:23:55]} O-O {[%clk 1:27:12]} 8. f4 {[%clk 1:22:00]} b6 {[%clk 1:26:38]}
9. g4 {[%clk 1:17:38]} f5 {[%clk 1:24:47]} 10. h3 {[%clk 1:09:50]} Bb7
{[%clk 1:22:07]} 11. Ng3 {[%clk 1:06:52]} Nd4 {[%clk 1:20:02]} 12. Nce2
{[%clk 1:04:01]} d5 {[%clk 1:00:52]} 13. e5 {[%clk 1:01:38]} Qd7 {[%clk 0:58:31]}
14. Nxd4 {[%clk 0:56:59]} cxd4 {[%clk 0:58:12]} 15. g5 {[%clk 0:55:33]} Rac8
{[%clk 0:54:07]} 16. h4 {[%clk 0:52:00]} Nc6 {[%clk 0:50:04]} 17. Bd2
{[%clk 0:44:33]} Qe7 {[%clk 0:44:10]} 18. h5 {[%clk 0:42:19]} Nb4
{[%clk 0:41:41]} 19. Bxb4 {[%clk 0:38:12]} Qxb4 {[%clk 0:42:04]} 20. Qc1
{[%clk 0:31:18]} Rc7 {[%clk 0:40:24]} 21. hxg6 {[%clk 0:29:20]} hxg6
{[%clk 0:40:44]} 22. Rf2 {[%clk 0:25:56]} Ba6 {[%clk 0:39:30]} 23. Bf1
{[%clk 0:22:20]} Rfc8 {[%clk 0:38:06]} 24. a3 {[%clk 0:20:03]} Qa4
{[%clk 0:33:27]} 25. Rb1 {[%clk 0:17:41]} Rxc2 {[%clk 0:32:08]} 26. Rxc2
{[%clk 0:15:28]} Qxc2 {[%clk 0:32:29]} 27. Qxc2 {[%clk 0:15:01]} Rxc2
{[%clk 0:32:37]} 28. Ne2 {[%clk 0:14:32]} Bf8 {[%clk 0:29:54]} 29. Kh1
{[%clk 0:12:47]} Bxd3 {[%clk 0:30:02]} 30. Ng3 {[%clk 0:10:37]} Bxf1
{[%clk 0:29:25]} 31. Nxf1 {[%clk 0:10:46]} Rf2 {[%clk 0:29:42]} 32. b4
{[%clk 0:10:14]} Rxf4 {[%clk 0:29:23]} 33. Rd1 {[%clk 0:09:55]} Be7
{[%clk 0:29:39]} 34. Nd2 {[%clk 0:08:55]} Bxg5 {[%clk 0:27:44]} 35. Nb3
{[%clk 0:08:36]} Rh4+ {[%clk 0:27:51]} 36. Kg2 {[%clk 0:08:25]} Be3
{[%clk 0:28:05]} 37. Rd3 {[%clk 0:07:24]} g5 {[%clk 0:28:08]} 38. a4
{[%clk 0:06:44]} Re4 {[%clk 0:25:27]} 39. a5 {[%clk 0:06:31]} g4 {[%clk 0:25:13]}
40. axb6 {[%clk 0:06:21]} axb6 {[%clk 0:25:38]} 41. Rd1 {[%clk 0:06:17]} f4
{[%clk 0:25:51]} 42. b5 {[%clk 0:06:05]} f3+ {[%clk 0:26:01]} 43. Kf1
{[%clk 0:05:39]} g3 0-1

[Event "PMPJ 2022 - D13"]
[Site "Jastrzebia Gora"]
[Date "2022.11.09"]
[Round "6.1"]
[White "Doskocz, Dominika"]
[Black "Branka, Julia"]
[Result "0-1"]
[BlackElo "1143"]
[WhiteElo "1158"]
[LiveChessVersion "1.4.8"]

1. e4 {[%clk 1:30:59]} c5 {[%clk 1:30:56]} 2. Nf3 {[%clk 1:31:26]} Nc6
{[%clk 1:31:21]} 3. d4 {[%clk 1:31:49]} cxd4 {[%clk 1:31:47]} 4. Nxd4
{[%clk 1:32:14]} g6 {[%clk 1:32:13]} 5. c4 {[%clk 1:32:15]} Nf6 {[%clk 1:32:36]}
6. Nc3 {[%clk 1:32:31]} d6 {[%clk 1:32:53]} 7. f3 {[%clk 1:32:44]} Nxd4
{[%clk 1:33:13]} 8. Qxd4 {[%clk 1:32:44]} Bg7 {[%clk 1:33:05]} 9. Be3
{[%clk 1:29:52]} O-O {[%clk 1:33:03]} 10. Qd2 {[%clk 1:29:51]} a5
{[%clk 1:33:11]} 11. Rb1 {[%clk 1:21:51]} a4 {[%clk 1:31:50]} 12. b3
{[%clk 1:21:01]} axb3 {[%clk 1:31:51]} 13. axb3 {[%clk 1:21:08]} Qa5
{[%clk 1:28:56]} 14. Be2 {[%clk 1:19:23]} Be6 {[%clk 1:16:15]} 15. O-O
{[%clk 1:17:27]} Ng4 {[%clk 1:00:27]} 16. Bd4 {[%clk 1:03:13]} Ne5
{[%clk 0:53:49]} 17. Rfd1 {[%clk 0:38:39]} Nc6 {[%clk 0:47:29]} 18. Bxg7
{[%clk 0:37:35]} Kxg7 {[%clk 0:47:44]} 19. Kh1 {[%clk 0:31:03]} Ra7
{[%clk 0:39:57]} 20. Qb2 {[%clk 0:27:46]} Kg8 {[%clk 0:35:55]} 21. Ra1
{[%clk 0:24:14]} Qb6 {[%clk 0:33:10]} 22. Rxa7 {[%clk 0:23:41]} Qxa7
{[%clk 0:32:51]} 23. Rb1 {[%clk 0:17:39]} Ra8 {[%clk 0:31:43]} 24. Bd3
{[%clk 0:12:23]} Nb4 {[%clk 0:29:19]} 25. Qd2 {[%clk 0:09:48]} Qd4
{[%clk 0:25:31]} 26. Rd1 {[%clk 0:04:30]} Bd7 {[%clk 0:23:39]} 27. h3
{[%clk 0:03:31]} Qe5 {[%clk 0:20:56]} 28. Nd5 {[%clk 0:03:03]} Nxd5
{[%clk 0:21:00]} 29. cxd5 {[%clk 0:03:23]} Rc8 {[%clk 0:20:59]} 30. Bc4
{[%clk 0:03:38]} b5 {[%clk 0:20:41]} 31. Be2 {[%clk 0:03:47]} Qc3
{[%clk 0:20:01]} 32. Qxc3 {[%clk 0:04:00]} Rxc3 {[%clk 0:20:25]} 33. Rb1
{[%clk 0:03:52]} Re3 {[%clk 0:20:11]} 34. Bf1 {[%clk 0:03:57]} f5
{[%clk 0:20:10]} 35. exf5 {[%clk 0:04:03]} Bxf5 {[%clk 0:19:56]} 36. Rb2
{[%clk 0:04:21]} Re1 {[%clk 0:20:15]} 37. Kg1 {[%clk 0:04:27]} Bd3
{[%clk 0:19:47]} 38. Rf2 {[%clk 0:04:19]} Rb1 {[%clk 0:19:33]} 39. b4
{[%clk 0:03:45]} Bxf1 {[%clk 0:19:38]} 40. Rxf1 {[%clk 0:03:55]} Rxb4
{[%clk 0:20:04]} 41. Rd1 {[%clk 0:03:55]} Rc4 {[%clk 0:19:50]} 42. Kf2
{[%clk 0:03:58]} b4 {[%clk 0:19:41]} 43. Ke3 {[%clk 0:03:59]} b3 {[%clk 0:19:30]}
44. Kd3 {[%clk 0:04:09]} Rb4 {[%clk 0:19:22]} 45. Kc3 {[%clk 0:04:17]} Rb5
{[%clk 0:19:35]} 46. Kb2 {[%clk 0:04:08]} Kf7 {[%clk 0:19:39]} 47. Re1
{[%clk 0:02:44]} Rxd5 {[%clk 0:19:54]} 48. Kxb3 {[%clk 0:03:07]} Rd2
{[%clk 0:19:55]} 49. Rg1 {[%clk 0:02:57]} Kf6 {[%clk 0:20:10]} 50. Kc3
{[%clk 0:03:14]} Rf2 {[%clk 0:20:19]} 51. Kd4 {[%clk 0:02:56]} e6
{[%clk 0:20:39]} 52. Ke4 {[%clk 0:02:54]} e5 {[%clk 0:20:36]} 53. h4
{[%clk 0:02:12]} Ra2 {[%clk 0:20:36]} 54. Ke3 {[%clk 0:01:23]} d5
{[%clk 0:20:57]} 55. g3 {[%clk 0:01:05]} Ra3+ {[%clk 0:21:15]} 56. Kf2
{[%clk 0:01:24]} Kf5 {[%clk 0:21:29]} 57. Rd1 {[%clk 0:01:26]} d4
{[%clk 0:21:35]} 58. Re1 {[%clk 0:01:08]} Ra2+ {[%clk 0:21:34]} 59. Kg1
{[%clk 0:01:14]} d3 {[%clk 0:21:05]} 60. Rd1 {[%clk 0:01:07]} e4 {[%clk 0:21:16]}
61. fxe4+ {[%clk 0:01:02]} Kxe4 {[%clk 0:21:35]} 62. Kf1 {[%clk 0:01:16]} Ke3
{[%clk 0:21:25]} 63. Ke1 {[%clk 0:01:22]} Re2+ {[%clk 0:21:43]} 64. Kf1
{[%clk 0:01:37]} Rf2+ {[%clk 0:21:48]} 65. Kg1 {[%clk 0:01:38]} d2
{[%clk 0:22:00]} 66. g4 {[%clk 0:00:58]} Re2 {[%clk 0:21:43]} 67. Kf1
{[%clk 0:00:44]} Rh2 {[%clk 0:21:54]} 68. Kg1 {[%clk 0:01:00]} Rxh4
{[%clk 0:22:19]} 69. g5 {[%clk 0:01:13]} Rg4+ {[%clk 0:22:43]} 70. Kf1
{[%clk 0:01:24]} Rxg5 {[%clk 0:22:53]} 71. Ra1 {[%clk 0:01:23]} Rd5
{[%clk 0:23:02]} 72. Ra3+ {[%clk 0:01:14]} Rd3 {[%clk 0:23:24]} 73. Ra1
{[%clk 0:01:27]} d1=Q+ {[%clk 0:23:41]} 0-1

[Event "PMPJ 2022 - D13"]
[Site "Jastrzebia Gora"]
[Date "2022.11.09"]
[Round "6.3"]
[White "Drozd, Gabriela"]
[Black "Pietrzak, Antonina"]
[Result "0-1"]
[BlackElo "1086"]
[WhiteElo "1107"]
[LiveChessVersion "1.4.8"]

1. e4 {[%clk 1:30:58]} c5 {[%clk 1:30:59]} 2. Nf3 {[%clk 1:31:21]} Nc6
{[%clk 1:31:12]} 3. d4 {[%clk 1:31:40]} cxd4 {[%clk 1:31:34]} 4. Nxd4
{[%clk 1:32:02]} d6 {[%clk 1:31:29]} 5. Nc3 {[%clk 1:32:13]} Nf6 {[%clk 1:31:06]}
6. Be3 {[%clk 1:32:26]} Bd7 {[%clk 1:31:03]} 7. Be2 {[%clk 1:32:38]} g6
{[%clk 1:31:13]} 8. O-O {[%clk 1:32:56]} Bg7 {[%clk 1:31:36]} 9. Qd2
{[%clk 1:33:07]} O-O {[%clk 1:31:55]} 10. h3 {[%clk 1:32:06]} a6 {[%clk 1:31:22]}
11. Rad1 {[%clk 1:31:38]} Qc7 {[%clk 1:31:12]} 12. Bh6 {[%clk 1:31:07]} Nxd4
{[%clk 1:26:00]} 13. Qxd4 {[%clk 1:31:09]} Bxh6 {[%clk 1:24:44]} 14. Rfe1
{[%clk 1:30:36]} Bg7 {[%clk 1:22:55]} 15. Qd2 {[%clk 1:29:50]} Rfd8
{[%clk 1:21:50]} 16. Bf3 {[%clk 1:29:38]} Bc6 {[%clk 1:20:13]} 17. Qe3
{[%clk 1:28:00]} Ne8 {[%clk 1:18:32]} 18. Bg4 {[%clk 1:27:30]} Bxc3
{[%clk 1:17:38]} 19. Qxc3 {[%clk 1:27:55]} Bd7 {[%clk 1:17:08]} 20. Bxd7
{[%clk 1:27:37]} Qxc3 {[%clk 1:16:53]} 21. bxc3 {[%clk 1:27:59]} Rxd7
{[%clk 1:17:20]} 22. e5 {[%clk 1:27:43]} e6 {[%clk 1:15:57]} 23. c4
{[%clk 1:27:23]} Rad8 {[%clk 1:15:06]} 24. Rb1 {[%clk 1:27:27]} dxe5
{[%clk 1:14:47]} 25. Kh2 {[%clk 1:27:02]} f6 {[%clk 1:13:30]} 26. Rb6
{[%clk 1:26:47]} Kf8 {[%clk 1:08:10]} 27. a3 {[%clk 1:25:11]} Rb8
{[%clk 1:07:21]} 28. Re2 {[%clk 1:24:20]} Rd6 {[%clk 1:07:04]} 29. Rb3
{[%clk 1:23:18]} Rc6 {[%clk 1:06:33]} 30. Re4 {[%clk 1:23:09]} Nd6
{[%clk 1:06:02]} 31. Rh4 {[%clk 1:22:54]} Kg7 {[%clk 1:05:31]} 32. Rg4
{[%clk 1:21:46]} f5 {[%clk 1:05:06]} 33. Rgg3 {[%clk 1:17:16]} Rxc4 34. Rb2
{[%clk 1:14:10]} b5 {[%clk 1:04:20]} 35. Rd3 {[%clk 1:11:22]} Rb6
{[%clk 1:03:27]} 36. g3 {[%clk 1:06:24]} e4 {[%clk 1:01:57]} 37. Re3
{[%clk 1:05:06]} Rbc6 {[%clk 1:00:08]} 38. Re2 {[%clk 1:01:27]} Rc3
{[%clk 0:57:32]} 39. Ra2 {[%clk 1:00:36]} Nc4 {[%clk 0:55:03]} 40. Ra1
{[%clk 0:56:01]} Nxa3 {[%clk 0:53:29]} 41. Kg2 {[%clk 0:50:14]} Nxc2
{[%clk 0:50:42]} 42. Rd2 {[%clk 0:47:56]} Nxa1 {[%clk 0:50:43]} 0-1

[Event "PMPJ 2022 - D13"]
[Site "Jastrzebia Gora"]
[Date "2022.11.09"]
[Round "6.4"]
[White "Kretowicz, Daria"]
[Black "Walerjan, Ada"]
[Result "1/2-1/2"]
[BlackElo "1209"]
[WhiteElo "1115"]
[LiveChessVersion "1.4.8"]

1. e4 {[%clk 1:30:54]} e5 {[%clk 1:30:54]} 2. Nf3 {[%clk 1:31:19]} Nc6
{[%clk 1:31:16]} 3. Bc4 {[%clk 1:31:09]} Nf6 {[%clk 1:31:21]} 4. Nc3
{[%clk 1:28:22]} Nxe4 {[%clk 1:31:29]} 5. Nxe4 {[%clk 1:25:43]} d5
{[%clk 1:31:47]} 6. Bd3 {[%clk 1:23:52]} dxe4 {[%clk 1:32:00]} 7. Bxe4
{[%clk 1:23:15]} Bd6 {[%clk 1:31:18]} 8. h3 {[%clk 1:19:58]} f5 {[%clk 1:28:11]}
9. Bxc6+ {[%clk 1:16:30]} bxc6 {[%clk 1:28:36]} 10. d3 {[%clk 1:12:08]} Bb7
{[%clk 1:22:00]} 11. Bg5 {[%clk 1:09:01]} Qd7 {[%clk 1:21:21]} 12. Qe2
{[%clk 1:05:27]} Qe6 {[%clk 1:19:50]} 13. O-O {[%clk 1:01:06]} O-O
{[%clk 1:18:15]} 14. Bd2 {[%clk 0:55:10]} Rae8 {[%clk 1:15:33]} 15. Rfe1
{[%clk 0:51:55]} c5 {[%clk 1:12:36]} 16. Bc3 {[%clk 0:45:08]} Qg6
{[%clk 1:04:01]} 17. Nh4 {[%clk 0:35:42]} Qe6 {[%clk 0:52:50]} 18. Nf3
{[%clk 0:33:11]} e4 19. Nd2 {[%clk 0:23:16]} Qg6 {[%clk 0:30:41]} 20. dxe4
{[%clk 0:19:50]} fxe4 {[%clk 0:26:41]} 21. Qg4 {[%clk 0:18:05]} Qxg4
{[%clk 0:18:27]} 22. hxg4 {[%clk 0:18:23]} Bf4 {[%clk 0:16:58]} 23. g3
{[%clk 0:16:44]} Bg5 {[%clk 0:16:35]} 24. Nc4 {[%clk 0:14:45]} Ba6
{[%clk 0:15:49]} 25. Ne3 {[%clk 0:14:02]} Rf3 {[%clk 0:15:24]} 26. Rad1
{[%clk 0:12:47]} Ref8 {[%clk 0:13:15]} 27. Rd7 {[%clk 0:09:43]} R3f7
{[%clk 0:11:59]} 28. Rxf7 {[%clk 0:09:47]} Rxf7 {[%clk 0:12:22]} 29. Rd1
{[%clk 0:09:22]} Bb7 {[%clk 0:10:05]} 30. a3 {[%clk 0:08:23]} Bc6
{[%clk 0:09:17]} 31. Kg2 {[%clk 0:07:49]} 1/2-1/2

[Event "PMPJ 2022 - D13"]
[Site "Jastrzebia Gora"]
[Date "2022.11.09"]
[Round "6.5"]
[White "Kucia, Kinga"]
[Black "Woytitzki, Sophie"]
[Result "1-0"]
[BlackElo "1129"]
[WhiteElo "1162"]
[LiveChessVersion "1.4.8"]

1. d4 {[%clk 1:30:58]} d5 {[%clk 1:30:54]} 2. c4 {[%clk 1:31:23]} c6
{[%clk 1:31:18]} 3. Nf3 {[%clk 1:31:20]} dxc4 {[%clk 1:30:59]} 4. e3
{[%clk 1:30:12]} b5 {[%clk 1:31:16]} 5. a4 {[%clk 1:29:08]} Nf6 {[%clk 1:30:08]}
6. b3 {[%clk 1:26:26]} Be6 {[%clk 1:22:18]} 7. bxc4 {[%clk 1:23:18]} bxc4
{[%clk 1:21:29]} 8. Qc2 {[%clk 1:18:59]} Qd5 {[%clk 1:09:42]} 9. Nc3
{[%clk 1:16:04]} Qa5 {[%clk 1:07:50]} 10. Bd2 {[%clk 1:13:14]} Qa6
{[%clk 1:07:11]} 11. Be2 {[%clk 1:08:30]} g6 {[%clk 1:05:55]} 12. O-O
{[%clk 1:06:11]} Bg7 {[%clk 1:05:52]} 13. h3 {[%clk 1:01:55]} O-O
{[%clk 1:06:01]} 14. Ng5 {[%clk 0:58:41]} Qc8 {[%clk 1:03:19]} 15. Nxe6
{[%clk 0:57:28]} Qxe6 {[%clk 1:01:23]} 16. Qa2 {[%clk 0:51:47]} Nbd7
{[%clk 1:00:19]} 17. Bxc4 {[%clk 0:45:48]} Qf5 {[%clk 0:58:49]} 18. Rfe1
{[%clk 0:43:01]} Ne4 {[%clk 0:57:21]} 19. Nxe4 {[%clk 0:37:58]} Qxe4
{[%clk 0:57:38]} 20. Be2 {[%clk 0:30:47]} Rac8 {[%clk 0:57:03]} 21. Bf3
{[%clk 0:28:55]} Qh4 {[%clk 0:56:52]} 22. Rac1 {[%clk 0:24:50]} c5
{[%clk 0:56:00]} 23. dxc5 {[%clk 0:19:04]} Nxc5 {[%clk 0:54:38]} 24. Rc4
{[%clk 0:17:42]} Qf6 {[%clk 0:53:37]} 25. Rec1 {[%clk 0:16:36]} Qe6
{[%clk 0:52:53]} 26. Qc2 {[%clk 0:15:35]} Rfd8 {[%clk 0:51:42]} 27. Ba5
{[%clk 0:13:52]} Rd7 {[%clk 0:45:45]} 28. Rxc5 {[%clk 0:13:49]} Rxc5
{[%clk 0:45:52]} 29. Qxc5 {[%clk 0:13:55]} Bf8 {[%clk 0:45:59]} 30. Bg4
{[%clk 0:12:23]} f5 {[%clk 0:46:13]} 31. Bf3 {[%clk 0:11:26]} a6 {[%clk 0:44:11]}
32. Be2 {[%clk 0:08:27]} Qd6 {[%clk 0:44:15]} 33. Qc4+ {[%clk 0:06:59]} e6
{[%clk 0:44:19]} 34. Rd1 {[%clk 0:06:17]} Qe7 {[%clk 0:43:48]} 35. Rxd7
{[%clk 0:06:00]} Qxd7 {[%clk 0:44:08]} 36. Qd4 {[%clk 0:05:32]} Qxd4
{[%clk 0:43:43]} 37. exd4 {[%clk 0:05:59]} Bg7 {[%clk 0:44:00]} 38. Bb6
{[%clk 0:06:16]} a5 {[%clk 0:44:22]} 39. Kf1 {[%clk 0:06:31]} Kf7
{[%clk 0:42:53]} 40. Ke1 {[%clk 0:06:33]} h5 {[%clk 0:42:56]} 41. Kd2
{[%clk 0:06:47]} Ke7 {[%clk 0:43:08]} 42. Kd3 {[%clk 0:06:18]} Kd7
{[%clk 0:43:24]} 43. Bxa5 {[%clk 0:06:28]} Kc6 {[%clk 0:43:45]} 44. Bf3+
{[%clk 0:06:29]} Kd7 {[%clk 0:44:05]} 45. Bb6 {[%clk 0:06:20]} e5
{[%clk 0:44:14]} 46. dxe5 {[%clk 0:06:21]} Bxe5 {[%clk 0:44:38]} 47. a5
{[%clk 0:06:21]} Bb8 {[%clk 0:45:00]} 48. a6 {[%clk 0:06:29]} h4 {[%clk 0:45:24]}
49. a7 {[%clk 0:06:47]} Bxa7 {[%clk 0:45:51]} 50. Bxa7 {[%clk 0:07:13]} g5
{[%clk 0:46:13]} 51. Be3 {[%clk 0:07:24]} f4 {[%clk 0:46:34]} 52. Bxf4
{[%clk 0:07:48]} gxf4 {[%clk 0:46:59]} 53. Ke4 {[%clk 0:08:13]} Ke6
{[%clk 0:47:23]} 54. Kxf4 {[%clk 0:08:31]} Kf6 {[%clk 0:47:48]} 55. Kg4
{[%clk 0:08:33]} Kg7 {[%clk 0:48:06]} 56. Kxh4 {[%clk 0:08:43]} Kh6
{[%clk 0:48:26]} 57. g4 {[%clk 0:08:58]} Kg7 {[%clk 0:48:45]} 58. Kg5 Kh8
{[%clk 0:49:05]} 59. Be2 {[%clk 0:09:17]} Kg7 {[%clk 0:49:27]} 60. f4
{[%clk 0:09:39]} Kf8 {[%clk 0:49:49]} 61. f5 {[%clk 0:09:59]} Kg7
{[%clk 0:49:54]} 62. h4 {[%clk 0:10:08]} Kh8 {[%clk 0:50:04]} 63. f6
{[%clk 0:10:21]} Kg8 {[%clk 0:50:24]} 64. Kg6 {[%clk 0:10:37]} Kf8
{[%clk 0:50:44]} 65. f7 {[%clk 0:10:43]} Ke7 {[%clk 0:51:04]} 66. Kg7
{[%clk 0:11:07]} Ke6 {[%clk 0:51:23]} 67. f8=Q {[%clk 0:11:15]} Kd5
{[%clk 0:51:41]} 68. Qf3+ {[%clk 0:11:24]} Kc5 {[%clk 0:51:56]} 69. Qd3
{[%clk 0:11:31]} Kb4 {[%clk 0:52:10]} 70. Qc4+ {[%clk 0:11:38]} Ka3
{[%clk 0:52:31]} 71. Qb5 {[%clk 0:09:49]} Ka2 {[%clk 0:52:53]} 72. Kf6
{[%clk 0:09:44]} Ka3 {[%clk 0:53:09]} 73. Ke5 {[%clk 0:10:10]} Ka2
{[%clk 0:53:33]} 74. Kd4 {[%clk 0:10:34]} Ka1 {[%clk 0:53:49]} 75. Kc3
{[%clk 0:10:45]} Ka2 {[%clk 0:53:49]} 76. Qb2# 1-0